Twins WAR Leaders by Year - Statistics

General Stats
  • This quiz has been taken 23 times
  • The average score is 31 of 55
Answer Stats
Year WAR Position Answer % Correct
2013 5.5 C Joe Mauer
100%
2010 5.9 C Joe Mauer
100%
2009 7.8 C Joe Mauer
100%
2008 5.6 C Joe Mauer
100%
1992 7.1 CF Kirby Puckett
100%
1989 4.9 CF Kirby Puckett
100%
1988 7.8 CF Kirby Puckett
100%
1985 2.9 CF Kirby Puckett
100%
2017 5.0 SP Ervin Santana
95%
2007 5.2 SP Johan Santana
95%
2006 7.6 SP Johan Santana
95%
2005 7.2 SP Johan Santana
95%
2004 8.8 SP Johan Santana
95%
2020 2.1 CF Byron Buxton
80%
2024 3.7 SS Carlos Correa
80%
2022 5.3 SS Carlos Correa
80%
1977 9.7 1B Rod Carew
70%
1976 6.8 1B Rod Carew
70%
1975 7.8 1B Rod Carew
70%
1972 5.4 1B Rod Carew
70%
2016 5.8 2B Brian Dozier
65%
2014 5.5 2B Brian Dozier
65%
2023 5.4 SP Sonny Gray
60%
1974 7.8 SP Bert Blyleven
55%
1973 9.7 SP Bert Blyleven
55%
1971 6.2 SP Bert Blyleven
55%
1984 5.6 1B Kent Hrbek
55%
1987 8.1 SP Frank Viola
50%
1986 5.8 3B Gary Gaetti
50%
2000 6.2 SP Brad Radke
45%
1999 6.5 SP Brad Radke
45%
1998 5.2 SP Brad Radke
45%
2002 5.5 LF Jacque Jones
45%
2021 4.9 2B Jorge Polanco
45%
2019 4.7 2B Jorge Polanco
45%
1970 7.0 RF Tony Oliva
45%
1997 6.8 2B Chuck Knoblauch
40%
1996 8.7 2B Chuck Knoblauch
40%
1995 6.7 2B Chuck Knoblauch
40%
1994 4.1 2B Chuck Knoblauch
40%
1993 3.6 2B Chuck Knoblauch
40%
2018 4.3 LF Eddie Rosario
35%
1990 3.2 SS Greg Gagne
35%
2003 4.5 C A.J. Pierzynski
25%
1982 5.6 RF Tom Brunansky
25%
2012 4.9 CF Denard Span
20%
1983 4.5 2B John Castino
20%
1991 6.8 SP Kevin Tapani
20%
2011 4.3 SP Scott Baker
20%
1978 6.6 SP Dave Goltz
15%
2001 6.6 SP Joe Mays
15%
2015 3.2 SP Kyle Gibson
15%
1981 2.8 CP Doug Corbett
10%
1980 5.7 CP Doug Corbett
10%
1979 7.2 SP Jerry Koosman
10%
No matching quizzes found
Score Distribution
Percent of People with Each Score
Percentile by Number Answered
Your Score History
You have not taken this quiz